|
|
|
|
| LEADER |
00000nab a2200000 a 4500 |
| 001 |
vtls009530640 |
| 003 |
SK-MaSNL |
| 005 |
20260303061228.0 |
| 008 |
090626c20090626xo drz 0 0slo |
| 038 |
|
|
|a KEVKJB
|
| 040 |
|
|
|a KEVKJB
|b slo
|c KEVKJB
|e AACR2
|
| 041 |
0 |
|
|a slo
|
| 044 |
|
|
|a xo
|c SK
|
| 080 |
|
|
|a 394.4
|2 2001
|
| 245 |
0 |
0 |
|a Štartujú dni Kechneca aj Moldavy
|c [autor] (jsv)
|
| 300 |
|
|
|b Fotogr.
|
| 611 |
2 |
7 |
|a Kechnecké dni
|n (4. :
|d 2009 :
|c Kechnec, Slovensko)
|2 snkbucl
|9 1055124
|
| 611 |
2 |
7 |
|a Dni Moldavy nad Bodvou
|d (2009 :
|c Moldava nad Bodvou, Slovensko)
|2 kevkjb
|9 1055125
|
| 651 |
|
7 |
|a Kechnec (Slovensko)
|2 kevkjb
|9 29464
|
| 651 |
|
7 |
|a Moldava nad Bodvou (Slovensko)
|2 kevkjb
|9 20255
|
| 651 |
|
7 |
|a Košice-okolie (Slovensko : okres)
|2 kevkjb
|9 146743
|
| 773 |
0 |
|
|t Košický Korzár
|g Roč. XII, č. 146 (26.6.2009), s. 2
|x 1335-4566
|
| 852 |
|
|
|a KEVKJB
|b KIS3GCP
|
| 999 |
|
|
|c 1734787
|d 1736717
|